01017nam a2200241Ia 4500001000600000003000900006008004100015040001300056040001300069041001300082100001700095100002900112245005100141245005100192250001100243260000900254260002000263260004900283300005700332500032700389650002800716650003100744C7013IT-RoPAU130308s9999 xx 000 0 und d aIT-RoPAU cIT-RoPAU aITALIANO aSalerno Pino gCodice Aut. SPICS: 41966 aItaliani e la tv (Gli) - Quattro conversazioni bItaliani e la tv (Gli) - Quattro Conversazioni a1a ed. aROMA bSapere 2000 Srl c1994 [1° Ed.:1994 - Ed.Ling.Originale:1994] a"156 p. (prefazione: no ; testo: 156 [pagine: 0-0])" aConversazione con Maurizio Costanzo: fenomenologia della Comunicazione Televisiva. Conversazione con Michele Santoro: Samarcanda, un lungo Viaggio Dentro Noi Stessi. Conversazione con Vittorio Sgarbi: L'Arte della Comunicazione Televisiva. Conversazione con Luciano Violante: Politica, Antimafia e Informazione Televisiva. aSAGGI SULLA TELEVISIONE eCodice materia Spics: 6961